| 000 | 00461nam a2200169 a 4500 | ||
|---|---|---|---|
| 005 | 20140310183537.0 | ||
| 008 | 110818s19uu xx 00 eng d | ||
| 020 | _a9788184351880 | ||
| 050 |
_aTP 248.2 _b.M428 2010 |
||
| 100 | _aMathew, Alex | ||
| 245 |
_aPrinciples of biotechnology / _cAlex Mathew. |
||
| 260 |
_aNew Delhi, India : _bAdhyayan, _c2010. |
||
| 300 |
_a272 p. : _c22 cm. |
||
| 650 | _aBiotechnology | ||
| 942 |
_cBK _2lcc _kFOR |
||
| 999 |
_c24737 _d24737 |
||